| 000 | 00666nam a22001937a 4500 | ||
|---|---|---|---|
| 003 | OSt | ||
| 005 | 20250815040952.0 | ||
| 008 | 250815b |||||||| |||| 00| 0 eng d | ||
| 020 | _a978-971-9655-22-0 | ||
| 040 |
_aDWC-Main Lib _cOC |
||
| 082 | _aFil. 510 Si621m 2023 | ||
| 100 | _aSirug, Winston S. | ||
| 245 |
_aMathematics in the modern world : _ba ched general education curriculum compliant/ _cWinston S. Sirug |
||
| 250 | _aRevised edition | ||
| 260 |
_aIntramuros, Manila, Philippines : _bMindshapers Co. Inc., _cc2023. |
||
| 300 |
_ax, 417 pages : _billustrations ; _c26cm. |
||
| 650 | _a1. Mathematics. | ||
| 942 |
_2ddc _cBK - FIL _eRevised edition _kFil. _n0 |
||
| 999 |
_c3966 _d3966 |
||